000 00754nam a2200241Ia 4500
005 20230621092200.0
008 131103s9999 xx 000 0 und d
020 _a195634888
_cRs.250
040 _aLoreto College
041 _aEnglish
082 _a301
_bLES
100 _aLeslie,Gerald R.
245 _aIntroductory sociology
_b order and changes in society
_cGerald R.Leslie,Richard F.Larson and Benjamin L.Gormon
250 _a3rd ed.
260 _aOxford
_bOxford University Press
_c1994
300 _axviii,586 p.
_b illus.,charts,fig.,photos,tables
504 _aIncludes glossary,index,bibliographical references
650 _aSociology
651 _aSociology
700 _aLarson,Richard F.,auth.
850 _aLCLIB
942 _cBK
999 _c11122
_d61601